000 00454nam a2200181Ia 4500
008 170705s9999 xx 000 0 und d
020 _a9780439851398
245 _aChocolate fever :
245 _ba novel /
245 _cRobert Kimmel Smith ; illustrated by Gioia Fiammenghi.
260 _aNew York :
260 _bScholastic,
260 _c1972
300 _a93 pages :
300 _bcolor illustration ;
300 _c19cm.
500 _a680
999 _c336063
_d336063